[Event "IECC KO-2066"]
[Site "IECC email"]
[Date "2005.02.08"]
[Round "?"]
[White "Studer, Sam"]
[Black "Palmeri, Russ"]
[Result "0-1"]
[WhiteElo "1196"]
[BlackElo "1526"]
[PlyCount "44"]
[EventDate "2005.??.??"]
[EventType "match (corr)"]
[EventRounds "2"]
[SourceTitle "Corr 2020"]
[Source "ChessBase"]
[SourceDate "2019.09.30"]
[SourceVersion "1"]
[SourceVersionDate "2019.09.30"]
[SourceQuality "1"]
[WhiteTeam "United States"]
[BlackTeam "United States"]
[WhiteTeamCountry "USA"]
[BlackTeamCountry "USA"]

1. e4 d5 2. exd5 Nf6 3. d4 Nxd5 4. c4 Nb6 5. Nf3 Bg4 6. h3 Bxf3 7. Qxf3 Qxd4 8. Qxb7 e6 9. Qxc7 Bd6 10. Qb7 Bb4+ 11. Bd2 Bxd2+ 12. Nxd2 N8d7 13. Nb3 Qxb2 14. Rd1 0-0 15. c5 Qc3+ 16. Rd2 Nxc5 17. Qc6 Rac8 18. Qd6 Ne4 19. Nd4 Nxd6 20. Ne2 Qb4 21. Ng3 Ne4 22. a3 Qxd2# 0-1

[Event "IECC CL5-2001.07"]
[Site "IECC email"]
[Date "2001.03.12"]
[Round "?"]
[White "Palmeri, Russ"]
[Black "Lapena Bayo, Cosme"]
[Result "0-1"]
[WhiteElo "1477"]
[BlackElo "1530"]
[PlyCount "32"]
[EventDate "2001.??.??"]
[EventType "tourn (corr)"]
[EventRounds "4"]
[SourceTitle "Corr 2008"]
[Source "ChessBase"]
[SourceDate "2008.06.24"]
[SourceVersion "1"]
[SourceVersionDate "2008.06.24"]
[SourceQuality "1"]

1. c4 e5 2. g3 Nf6 3. Bg2 Nc6 4. Nc3 Bc5 5. a3 d6 6. e3 0-0 7. Nge2 Bb6 8. Na4 Be6 9. Nxb6 axb6 10. b3 d5 11. Qc2 dxc4 12. bxc4 Nb4 13. Qc3 Nd3+ 14. Kf1 Ra4 15. Qc2 Rxc4 16. Qd1 Ng4 0-1

[Event "IECC Swiss email"]
[Site "IECC email"]
[Date "2001.02.17"]
[Round "?"]
[White "Palmeri, Russ"]
[Black "Hakuc, Waclaw"]
[Result "0-1"]
[WhiteElo "1463"]
[BlackElo "1653"]
[PlyCount "54"]
[EventDate "2001.??.??"]
[EventType "tourn (corr)"]
[EventRounds "6"]
[SourceTitle "Corr 2008"]
[Source "ChessBase"]
[SourceDate "2008.06.24"]
[SourceVersion "1"]
[SourceVersionDate "2008.06.24"]
[SourceQuality "1"]

1. c4 e5 2. g3 Nf6 3. Bg2 Nc6 4. Nc3 Bb4 5. Nd5 Bc5 6. e3 0-0 7. Ne2 Nb4 8. Nxb4 Bxb4 9. a3 Be7 10. d4 exd4 11. exd4 Re8 12. 0-0 d5 13. c5 b6 14. b4 a5 15. Bg5 axb4 16. axb4 Rxa1 17. Qxa1 h6 18. Be3 Bf5 19. Nc3 c6 20. Qa7 bxc5 21. bxc5 Ng4 22. Bf4 Bg5 23. Qc7 Qxc7 24. Bxc7 Bd3 25. Rd1 Bc2 26. Rf1 Bd2 27. Nd1 Bd3 0-1

[Event "IECC Swiss email"]
[Site "IECC email"]
[Date "2000.08.30"]
[Round "?"]
[White "Newton, Hobart E"]
[Black "Palmeri, Russ"]
[Result "1/2-1/2"]
[WhiteElo "1884"]
[BlackElo "1471"]
[PlyCount "108"]
[EventDate "2000.??.??"]
[EventType "tourn (corr)"]
[EventRounds "6"]
[SourceTitle "Corr 2008"]
[Source "ChessBase"]
[SourceDate "2008.06.24"]
[SourceVersion "1"]
[SourceVersionDate "2008.06.24"]
[SourceQuality "1"]

1. e4 e6 2. d4 d5 3. Nd2 c5 4. exd5 Qxd5 5. Ngf3 cxd4 6. Bc4 Qc5 7. 0-0 Nc6 8. Qe2 Nf6 9. Nb3 Qb6 10. Rd1 Be7 11. Nfxd4 Bd7 12. Be3 Qc7 13. Nb5 Qb8 14. Nc5 a6 15. Nxd7 Nxd7 16. Nd4 Qc7 17. Qh5 Nxd4 18. Rxd4 Nf6 19. Qg5 Nd5 20. Qxg7 Bf6 21. Qh6 Bxd4 22. Bxd4 Qxc4 23. Bxh8 Qxc2 24. Re1 Qg6 25. Qh4 f6 26. Qh3 Nf4 27. Qf3 Qxg2+ 28. Qxg2 Nxg2 29. Rxe6+ Kd7 30. Rxf6 Rxh8 31. Kxg2 Rg8+ 32. Kh3 Rg7 33. f4 Kd8 34. Re6 Kd7 35. Rb6 Kc7 36. Rh6 Kd7 37. f5 Ke8 38. Kh4 Rg2 39. Rb6 Rxh2+ 40. Kg5 Rf2 41. Rxb7 h5 42. Ra7 h4 43. Kxh4 Rxf5 44. Rxa6 Rf2 45. b3 Kd7 46. Kg3 Rf1 47. a4 Kc7 48. b4 Kb7 49. b5 Rf8 50. a5 Rf5 51. Rb6+ Ka7 52. Kg4 Rc5 53. Kf4 Rh5 54. Ke4 Rh4+ 1/2-1/2